000 00665nam a22002177a 4500
003 DO-SdBNP
005 20180124103936.0
008 151211b 1977 sp xxu||||| |||| 00| 0 spa d
040 _aBPMSU
_bspa
_cBPMSU
092 _axxxx
_bxxxx
100 1 _aBallesteros Gaibrois, Manuel,
_d1911-2002.
245 1 0 _aDiego de Almagro /
_cManuel Ballesteros Gaibrois.
260 _aMadrid :
_b Publicaciones Españolas,
_c1977.
300 _a97 p. :
_bil. ;
_c17 cm.
490 1 _aTemas españoles
_v; 545
830 0 _aTemas españoles
_n; 545)
910 _a00260
942 _2ddc
_cBK
945 _a Inventariado extranjero / 2018 VM
956 _aLorenza Pérez
_b10
999 _c9102
_d9102